000 00304nam a22001337a 4500
008 190223b xxu||||| |||| 00| 0 eng d
020 _a0618129928
041 _aeng
080 _23rd
_a510
100 _a36
101 _aMAT
245 _aElementary and Intermediate Algebra
_cHubbard
942 _2udc
_cBK
999 _c54148
_d54148